000 01064cam a2200229 4500
001 L127076
008 040817n2004 000 0 eng u
020 _a0131114689
035 _a(Sirsi) u127076
041 _aeng
050 _a720.284
_c22
100 _aMuller, Edward J.
245 _aReading architectural working drawings
_bresidential and light construction
250 _a6th ed.
260 _aNew Jersey
_bPearson
_c2004
300 _a304p.
_c28cm.
350 _a42.99
520 _aAn American text-work book that introduces concepts essential to a basic understanding of residential and light construction while providing practical experience in reading architectural working drawings. Covers background principles, residential working drawings, specifications and reading the working drawings of a small church. Appendix contains reviews of plane and solid geometry calculations. Examples of architectural working drawings.
690 _aBUILT ENVIRONMENT-CONSTRUCTION DESIGN-ARCHITECTURAL DESIGN
700 _aGrau, Philip A.
942 _n0
999 _c103701
_d103701